[Event "DEM U18 2019"]
[Site "Willingen GER"]
[Date "2019.06.11"]
[Round "4"]
[White "Lange, Jannis"]
[Black "Wendler, David"]
[Result "1-0"]
[Termination "normal"]
[Board "12"]
[WhiteElo "2024"]
[BlackElo "2163"]
[WhiteClock "00:21:18"]
[BlackClock "00:44:46"]
[PlyCount "77"]
[WhiteFideId "12993107"]
[BlackFideId "12938360"]
[EventCountry "GER"]
[EventRounds "9"]
[EventType "swiss"]
[EventDate "2019.06.08"]

1. e4 {[%clk 1:30:57]} 1... c5 {[%clk 1:30:56]} 2. Nf3 {[%clk 1:31:02]} 2...
Nc6 {[%clk 1:31:20]} 3. d4 {[%clk 1:31:05]} 3... cxd4 {[%clk 1:31:46]} 4. Nxd4
{[%clk 1:31:31]} 4... Nf6 {[%clk 1:32:03]} 5. Nc3 {[%clk 1:31:37]} 5... g6 {
[%clk 1:32:28]} 6. Be3 {[%clk 1:31:04]} 6... Bg7 {[%clk 1:32:28]} 7. Bc4 {
[%clk 1:31:27]} 7... O-O {[%clk 1:32:50]} 8. Bb3 {[%clk 1:31:51]} 8... d6 {
[%clk 1:33:00]} 9. f3 {[%clk 1:28:27]} 9... Bd7 {[%clk 1:33:11]} 10. Qd2 {
[%clk 1:26:50]} 10... Nxd4 {[%clk 1:32:21]} 11. Bxd4 {[%clk 1:26:54]} 11... b5
{[%clk 1:32:43]} 12. O-O {[%clk 1:09:38]} 12... a5 {[%clk 1:22:40]} 13. a4 {
[%clk 0:54:28]} 13... b4 {[%clk 1:22:53]} 14. Nd5 {[%clk 0:51:40]} 14... Nxd5 {
[%clk 1:21:43]} 15. exd5 {[%clk 0:49:51]} 15... Bxd4+ {[%clk 1:19:49]} 16. Qxd4
{[%clk 0:49:22]} 16... Rc8 {[%clk 1:12:06]} 17. Rfe1 {[%clk 0:49:05]} 17... Rc5
{[%clk 1:10:08]} 18. Re2 {[%clk 0:46:42]} 18... Re8 {[%clk 1:09:59]} 19. Rae1 {
[%clk 0:45:33]} 19... Bf5 {[%clk 1:00:11]} 20. g4 {[%clk 0:36:18]} 20... Bd7 {
[%clk 0:46:49]} 21. h4 {[%clk 0:31:50]} 21... f6 {[%clk 0:44:45]} 22. g5 {
[%clk 0:22:25]} 22... Kf7 {[%clk 0:42:23]} 23. Rxe7+ {[%clk 0:18:13]} 23...
Rxe7 {[%clk 0:42:41]} 24. Qxf6+ {[%clk 0:18:39]} 24... Ke8 {[%clk 0:43:03]} 25.
Qh8+ {[%clk 0:19:02]} 25... Kf7 {[%clk 0:43:27]} 26. Qxh7+ {[%clk 0:19:24]}
26... Kf8 {[%clk 0:43:48]} 27. Qh8+ {[%clk 0:19:11]} 27... Kf7 {[%clk 0:44:14]}
28. Qf6+ {[%clk 0:19:15]} 28... Ke8 {[%clk 0:44:24]} 29. Qxg6+ {[%clk 0:19:40]}
29... Kf8 {[%clk 0:44:49]} 30. Qf6+ {[%clk 0:19:09]} 30... Ke8 {[%clk 0:45:14]}
31. Qh8+ {[%clk 0:19:17]} 31... Kf7 {[%clk 0:45:39]} 32. Qxd8 {[%clk 0:19:17]}
32... Rxe1+ {[%clk 0:45:47]} 33. Kf2 {[%clk 0:19:42]} 33... Re8 {[%clk 0:43:32]
} 34. Qxd7+ {[%clk 0:20:01]} 34... Re7 {[%clk 0:43:50]} 35. g6+ {[%clk 0:20:05]
} 35... Kf8 {[%clk 0:44:07]} 36. Qd8+ {[%clk 0:20:29]} 36... Re8 { [%clk
0:44:03]} 37. Qf6+ {[%clk 0:20:51]} 37... Kg8 {[%clk 0:44:25]} 38. Qf7+ { [%clk
0:21:18]} 38... Kh8 {[%clk 0:44:46]} 39. Qh7# 1-0

[Event "DEM U18 2019"]
[Site "Willingen GER"]
[Date "2019.06.11"]
[Round "4"]
[White "Knödler, Marcel"]
[Black "Sureshkumar, Atchuthan"]
[Result "1-0"]
[Termination "normal"]
[Board "14"]
[WhiteElo "1633"]
[BlackElo "1502"]
[WhiteClock "00:58:27"]
[BlackClock "00:34:35"]
[PlyCount "81"]
[WhiteFideId "12976202"]
[BlackFideId "16283678"]
[EventCountry "GER"]
[EventRounds "9"]
[EventType "swiss"]
[EventDate "2019.06.08"]

1. d4 {[%clk 1:30:51]} 1... d5 {[%clk 1:30:54]} 2. Bf4 {[%clk 1:28:55]} 2...
Nc6 {[%clk 1:27:29]} 3. e3 {[%clk 1:28:21]} 3... a6 {[%clk 1:24:51]} 4. Nd2 {
[%clk 1:25:23]} 4... Nf6 {[%clk 1:24:48]} 5. Ngf3 {[%clk 1:25:01]} 5... Bg4 {
[%clk 1:25:10]} 6. h3 {[%clk 1:24:51]} 6... Bh5 {[%clk 1:23:48]} 7. Be2 { [%clk
1:23:37]} 7... e6 {[%clk 1:21:43]} 8. Ne5 {[%clk 1:23:55]} 8... Bxe2 { [%clk
1:15:14]} 9. Qxe2 {[%clk 1:24:09]} 9... Nxe5 {[%clk 1:15:26]} 10. Bxe5 { [%clk
1:23:01]} 10... Bd6 {[%clk 1:14:21]} 11. f4 {[%clk 1:22:34]} 11... O-O { [%clk
1:14:35]} 12. O-O {[%clk 1:22:16]} 12... Nd7 {[%clk 1:15:03]} 13. Bxd6 { [%clk
1:19:55]} 13... cxd6 {[%clk 1:12:39]} 14. c4 {[%clk 1:18:26]} 14... Nb6 { [%clk
1:12:02]} 15. Rfc1 {[%clk 1:17:58]} 15... Rc8 {[%clk 1:11:52]} 16. Rc2 { [%clk
1:18:11]} 16... dxc4 {[%clk 1:10:43]} 17. Nxc4 {[%clk 1:18:26]} 17... Rxc4
{[%clk 1:11:11]} 18. Rxc4 {[%clk 1:18:47]} 18... Nxc4 {[%clk 1:06:32]} 19. Qxc4
{[%clk 1:18:47]} 19... Qc8 {[%clk 1:06:52]} 20. Rc1 {[%clk 1:19:12]} 20... Qxc4
{[%clk 1:05:29]} 21. Rxc4 {[%clk 1:18:37]} 21... f5 {[%clk 1:05:04]} 22. Kf2
{[%clk 1:18:44]} 22... g6 {[%clk 1:05:25]} 23. Ke2 {[%clk 1:17:42]} 23... Kg7
{[%clk 1:03:30]} 24. Kd3 {[%clk 1:16:46]} 24... Kf6 {[%clk 0:51:52]} 25. a4
{[%clk 1:15:06]} 25... g5 {[%clk 0:51:29]} 26. fxg5+ Kxg5 27. Rc7 { [%clk
1:14:37]} 27... Rb8 {[%clk 0:51:32]} 28. Rxh7 {[%clk 1:12:34]} 28... b5 { [%clk
0:46:22]} 29. a5 29... Ra8 {[%clk 0:46:40]} 30. Rd7 {[%clk 1:11:03]} 30... d5
{[%clk 0:46:48]} 31. Rc7 {[%clk 1:10:03]} 31... Kf6 {[%clk 0:42:04]} 32. Ke2
{[%clk 1:06:28]} 32... Rd8 {[%clk 0:41:20]} 33. Kf3 {[%clk 1:05:13]} 33... Rd6
{[%clk 0:40:13]} 34. Kf4 {[%clk 1:02:24]} 34... Rd8 {[%clk 0:39:56]} 35. Rc6
{[%clk 1:02:24]} 35... Rg8 {[%clk 0:39:56]} 36. g4 {[%clk 1:01:49]} 36... fxg4
{[%clk 0:38:49]} 37. hxg4 {[%clk 0:58:40]} 37... Ra8 {[%clk 0:37:40] } 38. g5+
{[%clk 0:58:44]} 38... Kf7 {[%clk 0:34:16]} 39. Ke5 Kg6 40. Rxe6+ { [%clk
0:58:27]} 40... Kxg5 {[%clk 0:34:35]} 41. Kxd5 1-0